|
|
|
|
| LEADER |
00617cam a2200193ua 4500 |
| 008 |
110715t2010||||||||||| 00 ||eng c |
| 041 |
0 |
|
|a eng
|
| 082 |
|
|
|a 372.7
|b SRI/A
|
| 245 |
1 |
2 |
|a Achievement motivation and achievement in mathematics /
|
| 260 |
|
|
|a New Delhi:
|b Discovery,
|c 2010.
|
| 300 |
|
|
|a 126p..
|
| 362 |
1 |
|
|a 2010.
|
| 650 |
|
|
|a Education
|
| 650 |
0 |
|
|a Elementary education
|
| 650 |
0 |
|
|a Mathematics
|
| 700 |
0 |
2 |
|a Srinivasa Rao,, Mandalapu
|
| 942 |
|
|
|c BK
|
| 999 |
|
|
|c 26192
|d 26192
|
| 952 |
|
|
|0 0
|1 0
|4 0
|6 372_700000000000000_SRI
|7 0
|9 27928
|a KUCL
|b KUCL
|d 2014-05-23
|l 2
|o 372.7 SRI/
|p 26801
|r 2016-11-04
|s 2016-10-03
|w 2014-05-23
|y BK
|